Straßenbahn Kassel - Linie 3 - Statistiken

Allgemein
  • Dieses Quiz wurde 21 mal gespielt
  • Das Durchschnittsergebnis liegt bei 20 aus 33
Antwortstatistiken
Hint Antwort % Korrekt
Mitte Rathaus
89%
Mitte Königsplatz
83%
Vorderer Westen Rotes Kreuz
83%
Mitte Am Stern
78%
Wilhelmshöhe Bahnhof Wilhelmshöhe
78%
Mitte Friedrichsplatz
78%
Oberzwehren Mattenberg
78%
Mitte Altmarkt/Regierungspräsidium
72%
Fasanenhof Ihringshäuser Straße
72%
Wesertor Katzensprung
72%
Vorderer Westen Kirchweg
72%
Süsterfeld-Helleböhn Helleböhn
67%
Wesertor Weserspitze
67%
Vorderer Westen Murhardstraße/Universität
61%
Oberzwehren Oberzwehren Mitte
61%
Mitte Weigelstraße
61%
Oberzwehren Altenbaunaer Straße/Europaschule
56%
Süsterfeld-Helleböhn Marbachshöhe
56%
Oberzwehren Schulzentrum Brückenhof
56%
Süsterfeld-Helleböhn Süsterfeld
56%
Vorderer Westen Berlepschstraße
50%
Wilhelmshöhe Hasselweg
50%
Oberzwehren Heinrich-Schütz-Allee
50%
Fasanenhof Klinikum Kassel
50%
Oberzwehren Korbacher Straße/Universität
50%
Süsterfeld-Helleböhn Rhönplatz
50%
Wilhelmshöhe Walther-Schücking-Platz
50%
Oberzwehren Heinrich-Plett-Straße/Universität
44%
Wesertor Mittelring
44%
Fasanenhof Eisenschmiede
39%
Fasanenhof Arnimstraße
33%
Fasanenhof Koboldstraße
33%
Fasanenhof Simmershäuser Straße
22%
Keine übereinstimmenden Quizze gefunden
Verteilung der Resultate
Anzahl Personen mit jedem Resultat
Perzentil nach korrekt beantworteten Fragen
Ihre Resultats-Entwicklung
Sie haben dieses Quiz noch nicht gespielt